Anatomía de la empresa: una teoría general de las organizaciones sociales
Guardat en:
| Autor principal: | |
|---|---|
| Format: | Llibre |
| Idioma: | espanyol |
| Publicat: |
Santiago
Universitaria
1980
|
| Matèries: | |
| Etiquetes: |
Afegir etiqueta
Sense etiquetes, Sigues el primer a etiquetar aquest registre!
|
MARC
| LEADER | 00000nam a2200000 a 4500 | ||
|---|---|---|---|
| 001 | UCL4751 | ||
| 003 | CL-VaPUC | ||
| 008 | 040227e19800000CL |||||||||||||||||spa|d | ||
| 082 | 0 | 4 | |a 658.001 |b JOH |2 21 |
| 100 | |a Johansen Bertoglio, Oscar |e author |9 590862 | ||
| 245 | 1 | 0 | |a Anatomía de la empresa: una teoría general de las organizaciones sociales |
| 300 | |a 241 p | ||
| 942 | |c BK | ||
| 945 | |d 20040227 00:00:00 |a cmena | ||
| 260 | |a Santiago |b Universitaria |c 1980 | ||
| 650 | 0 | |a Administración de empresas |9 260833 | |
| 650 | 0 | |a Instituciones sociales |9 329915 | |
| 583 | |a last modification |c 20040227 00:00:00 |k Rodrigo Vera | ||
| 999 | |c 307524 |d 307522 | ||
| 952 | |0 0 |1 0 |4 0 |6 658_001000000000000_JOH_1980 |7 0 |8 A |9 373535 |a BIBGIM |b BIBGIM |d 2019-11-21 |i 3982661 |o 658.001 JOH 1980 |p 3982661 |r 2025-01-15 |w 2019-11-21 |y BK |k COM | ||
| 952 | |0 0 |1 0 |4 0 |6 658_001000000000000_JOH_1980 |7 0 |8 A |9 373536 |a BIBING |b BIBING |d 2019-11-21 |i 4514947 |l 1 |o 658.001 JOH 1980 |p 4514947 |r 2025-01-20 |s 2024-03-11 |w 2019-11-21 |y BK |k EII | ||